000 00615nam a22002057a 4500
001 773371
003 OSt
005 20210928074731.0
008 170207b xxu||||| |||| 00| 0 eng d
010 _a 72157525
040 _aMMU
_cMMU
_dMMU
_beng
050 0 0 _aSB473
_b.R38 1972
245 0 0 _aReader's digest practical guide to home landscaping/
260 _aPleasantville, N.Y.,
_bReader's Digest Association
_c[1972]
300 _a479 p. :
_bill . ;
_c27 cm.
650 0 _aLandscape gardening.
650 0 _aLandscape architecture.
740 _aPractical guide to home landscaping.
942 _2lcc
_cLOAN LOAN
999 _c22092
_d22092